| 000 | 00508cam a22002172a 4500 | ||
|---|---|---|---|
| 001 | 012295 | ||
| 003 | AR-FADEU | ||
| 008 | 311216n1953####xxu####################dd | ||
| 092 |
_a928 _bH424 |
||
| 100 | _aHaynes, Renée | ||
| 245 | _aHilaire Belloc | ||
| 260 | _aLondon | ||
| 260 | _bLongmans Green | ||
| 260 | _c1953 | ||
| 300 | _a35 p. | ||
| 440 |
_aWriters and their work _n35 |
||
| 500 | _aIncludes bibliography | ||
| 650 | _aBELLOC, HILAIRE-BIOGRAFIA | ||
| 546 | _ainglés | ||
| 942 | _cBDGR | ||
| 999 |
_c18064 _d18064 |
||